000 00245nam a2200097Ia 4500
001 683717
005 20250826161444.0
008 250824s9999 xx 000 0 und d
245 0 _aCENNETE GÖTÜREN NAMAZ
_cAHMET BULUT
260 _bTİMAŞ YAYINLARI
999 _c683717
_d683717